000 00320nam a22001337a 4500
008 181121b xxu||||| |||| 00| 0 eng d
020 _a9781464183959
041 _aeng
080 _27 TH
_a541
100 _a12
101 _aKIM
245 _aChemical Principles The Quest For Insigh
_cPeter.A
942 _2udc
_cBK
999 _c52283
_d52283